000 00597nam a2200205Ii 4500
003 JO-AjNU
008 230605s9999||||xx |||||||||||||| ||und||
040 _aJO-AjNU
_bara
_erda
_cJO-AjNU
041 _aara
050 1 4 _aM22
100 3 _aموسى،محجوب تأليف,
_eauthor
_914926
245 0 0 _aنصوص اغاني مصرية
250 _a-
264 3 1 _aمصر: مكتبة مدبولي
300 _a301ص
336 _atext
_btxt
_2rdacontent
337 _aunmediated
_bn
_2rdamedia
338 _avolume
_bnc
_2rdacarrier
650 4 _aاغاني مصرية-نصوص اغاني
_914927
999 _aA4097
_c7665
_d7665